Environmental impact of windows (Record no. 115942)
[ view plain ]
| 000 -LEADER | |
|---|---|
| fixed length control field | 01543cam a22002775a 4500 |
| 001 - CONTROL NUMBER | |
| control field | L159482 |
| 008 - FIXED-LENGTH DATA ELEMENTS--GENERAL INFORMATION | |
| fixed length control field | 121121s2014 xxko f 000 0 eng d |
| 020 ## - INTERNATIONAL STANDARD BOOK NUMBER | |
| International Standard Book Number | 9781848063686 |
| 035 ## - SYSTEM CONTROL NUMBER | |
| System control number | (Sirsi) u159482 |
| 041 0# - LANGUAGE CODE | |
| Language code of text/sound track or separate title | eng |
| 050 04 - LIBRARY OF CONGRESS CALL NUMBER | |
| Classification number | 691 |
| 100 1# - MAIN ENTRY--PERSONAL NAME | |
| Personal name | Owen, Abbe |
| 245 00 - TITLE STATEMENT | |
| Title | Environmental impact of windows |
| 260 ## - PUBLICATION, DISTRIBUTION, ETC. | |
| Place of publication, distribution, etc. | Watford |
| Name of publisher, distributor, etc. | BRE |
| Date of publication, distribution, etc. | 2013 |
| 300 ## - PHYSICAL DESCRIPTION | |
| Extent | 13p. |
| Other physical details | ill. |
| Dimensions | 30cm. |
| 490 #0 - SERIES STATEMENT | |
| Series statement | BRE |
| Volume/sequential designation | (FB 66) |
| 520 ## - SUMMARY, ETC. | |
| Summary, etc. | Reviews how window units and frames have been assessed within The Green Guide to Specification, including the application of the Environmental Profiles methodology, which underlies Green Guide data. The way in which windows are addressed within building-level environmental assessment schemes such as BREEAM and the Code for Sustainable Homes is also explained. Gives manufacturers and specifiers a general understanding of the significant benefits and impacts of windows over their whole life cycle and help to identify opportunities for improvements to their environmental performance. It is part of a series that provides comparable information on cladding, floor finishes, insulation, masonry and concrete, metals, timber and windows to assess the environmental impact of specific construction materials. |
| 521 ## - TARGET AUDIENCE NOTE | |
| Target audience note | Advanced |
| 590 ## - LOCAL NOTE (RLIN) | |
| Local note | KA |
| 650 24 - SUBJECT ADDED ENTRY--TOPICAL TERM | |
| Topical term or geographic name entry element | ENVIRONMENTAL ASSESSMENT |
| 650 24 - SUBJECT ADDED ENTRY--TOPICAL TERM | |
| Topical term or geographic name entry element | BUILT ENVIRONMENT-BUILDING ELEMENTS-PARTS OF BUILDING ELEMENTS-OPENINGS-WINDOWS |
| 651 #4 - SUBJECT ADDED ENTRY--GEOGRAPHIC NAME | |
| Geographic name | United Kingdom |
| Chronological subdivision | |
| 690 ## - LOCAL SUBJECT ADDED ENTRY--TOPICAL TERM (OCLC, RLIN) | |
| Topical term or geographic name as entry element | Building materials and defects |
| 690 ## - LOCAL SUBJECT ADDED ENTRY--TOPICAL TERM (OCLC, RLIN) | |
| Topical term or geographic name as entry element | Environment |
| 9 (RLIN) | 6238 |
| 942 ## - ADDED ENTRY ELEMENTS (KOHA) | |
| Suppress in OPAC | 0 |
| Withdrawn status | Lost status | Source of classification or shelving scheme | Damaged status | Not for loan | Home library | Current library | Shelving location | Date acquired | Total Checkouts | Full call number | Barcode | Date last seen | Copy number | Price effective from | Koha item type |
|---|---|---|---|---|---|---|---|---|---|---|---|---|---|---|---|
| Dewey Decimal Classification | London | London | Folio | 01/08/2017 | F691 OWE | 30078450 | 06/08/2019 | 1 | 06/08/2019 | Book |